[Event "Berlin Lichtenberger Sommer 2nd"]
[Site "Berlin"]
[Date "2003.08.21"]
[Round "6.64"]
[White "Zimnol, Guenter"]
[Black "Schiering, Manfred"]
[Result "0-1"]
[WhiteElo "1545"]
[BlackElo "1693"]
[PlyCount "100"]
[EventDate "2003.08.16"]
[EventType "swiss"]
[EventRounds "9"]
[EventCountry "GER"]
[SourceTitle "EXT 2022"]
[Source "ChessBase"]
[SourceDate "2021.10.06"]
[SourceVersion "1"]
[SourceVersionDate "2021.10.06"]
[SourceQuality "1"]

1. Nf3 Nf6 2. d4 c5 3. e3 g6 4. Bd3 Bg7 5. 0-0 0-0 6. Nc3 d6 7. dxc5 dxc5 8. Ne4 Qc7 9. Nxf6+ Bxf6 10. h3 c4 11. Be2 e5 12. e4 Rd8 13. Qe1 Bg7 14. Be3 b5 15. Qc1 Bb7 16. Nd2 Nc6 17. c3 a6 18. Rd1 Ne7 19. a4 f5 20. f3 f4 21. Bf2 Rd7 22. axb5 axb5 23. Rxa8+ Bxa8 24. Nf1 Bc6 25. Rxd7 Bxd7 26. Qd1 g5 27. b3 Be6 28. b4 h5 29. Nh2 Ng6 30. Bf1 Bf8 31. Be2 Be7 32. Qd2 Nf8 33. Nf1 Nd7 34. Kh2 Kg7 35. Qd1 Nf6 36. Qd2 g4 37. fxg4 Nxe4 38. Qe1 hxg4 39. hxg4 Ng5 40. Bh4 e4 41. Kh1 Qe5 42. Bf2 e3 43. Bf3 Bf6 44. Bh4 Kg6 45. Qb1+ Kg7 46. Be1 Qd6 47. Qd1 Qxd1 48. Bxd1 Ne4 49. g3 Bxc3 50. Bxc3+ Nxc3 0-1

[Event "Berlin Lichtenberger Sommer 2nd"]
[Site "Berlin"]
[Date "2003.08.17"]
[Round "2.61"]
[White "Knopf, Roland"]
[Black "Zimnol, Guenter"]
[Result "1-0"]
[WhiteElo "1821"]
[BlackElo "1545"]
[PlyCount "59"]
[EventDate "2003.08.16"]
[EventType "swiss"]
[EventRounds "9"]
[EventCountry "GER"]
[SourceTitle "EXT 2022"]
[Source "ChessBase"]
[SourceDate "2021.10.06"]
[SourceVersion "1"]
[SourceVersionDate "2021.10.06"]
[SourceQuality "1"]

1. d4 d5 2. c4 Nf6 3. Nc3 c6 4. cxd5 Nxd5 5. e4 Nxc3 6. bxc3 e6 7. Nf3 Be7 8. Bd3 0-0 9. 0-0 Nd7 10. e5 c5 11. Ba3 cxd4 12. Bxe7 Qxe7 13. cxd4 Rb8 14. Nd2 Rd8 15. Nc4 Nf8 16. Nd6 f6 17. f4 f5 18. Qb3 b6 19. Bxf5 Ba6 20. Rf2 Kh8 21. Bg4 Bb7 22. f5 Bd5 23. Qh3 Rxd6 24. exd6 Qxd6 25. fxe6 Nxe6 26. Bxe6 Bxe6 27. Qg3 Qd8 28. Raf1 Bg8 29. Qe5 Bc4 30. Qxb8 1-0

[Event "Berlin op 08"]
[Site "Berlin"]
[Date "2002.08.23"]
[Round "7"]
[White "Zimnol, Guenter"]
[Black "Huellen, Rene"]
[Result "1-0"]
[WhiteElo "1544"]
[BlackElo "1923"]
[PlyCount "57"]
[EventDate "2002.08.17"]
[EventType "swiss"]
[EventRounds "9"]
[EventCountry "GER"]
[SourceTitle "EXT 2007"]
[Source "ChessBase"]
[SourceDate "2006.11.23"]
[SourceVersion "1"]
[SourceVersionDate "2006.11.23"]
[SourceQuality "1"]

1. d4 Nf6 2. c4 c5 3. d5 b5 4. cxb5 a6 5. Nc3 axb5 6. Nxb5 Qa5+ 7. Nc3 Bb7 8. Bd2 Qd8 9. e4 d6 10. Bb5+ Nfd7 11. Nge2 Ba6 12. Bxa6 Nxa6 13. a3 g6 14. 0-0 Bg7 15. Qc1 Rb8 16. Rb1 0-0 17. Bh6 Bxh6 18. Qxh6 Rb7 19. f4 Qb8 20. Rf3 Re8 21. Rh3 Nf8 22. f5 Rxb2 23. Rf1 Rxe2 24. Nxe2 Qb2 25. fxg6 hxg6 26. Rhf3 f6 27. Ng3 Qd4+ 28. Kh1 Ra8 29. Nf5 1-0

[Event "Berlin op 08"]
[Site "Berlin"]
[Date "2002.08.21"]
[Round "5"]
[White "Zimnol, Guenter"]
[Black "Koerner, Helmut"]
[Result "1/2-1/2"]
[WhiteElo "1544"]
[BlackElo "1805"]
[PlyCount "96"]
[EventDate "2002.08.17"]
[EventType "swiss"]
[EventRounds "9"]
[EventCountry "GER"]
[SourceTitle "EXT 2007"]
[Source "ChessBase"]
[SourceDate "2006.11.23"]
[SourceVersion "1"]
[SourceVersionDate "2006.11.23"]
[SourceQuality "1"]

1. Nf3 Nf6 2. d4 b5 3. a3 Bb7 4. e3 a6 5. c4 bxc4 6. Bxc4 e6 7. 0-0 Be7 8. Nc3 0-0 9. Re1 c5 10. dxc5 Bxc5 11. b4 Be7 12. Bd3 d6 13. Bb2 Nbd7 14. Rc1 Rc8 15. h3 Nb6 16. Qe2 d5 17. Bxa6 Bxa6 18. Qxa6 Nc4 19. Re2 Ra8 20. Qb5 Qc7 21. Nd4 Rfb8 22. Qc6 Qd8 23. Nxe6 fxe6 24. Qxe6+ Kf8 25. Qf5 Nxb2 26. Rxb2 Rxa3 27. Ne2 Qd7 28. Qxd7 Nxd7 29. b5 Nb6 30. Nd4 Nc4 31. Re2 Bf6 32. Rd1 Re8 33. Nc6 Nb6 34. Rb1 Re4 35. Rc2 Rc4 36. Re2 Rca4 37. Kh2 Ra2 38. Rxa2 Rxa2 39. Kg3 Ke8 40. Nb4 Rb2 41. Rxb2 Bxb2 42. Kf4 Kd7 43. Nd3 Bf6 44. g4 Nc4 45. g5 Bc3 46. h4 h5 47. gxh6 gxh6 48. Kg3 Ke6 1/2-1/2

[Event "Berlin-ch Seniors op 17th"]
[Site "Berlin"]
[Date "2001.02.15"]
[Round "2"]
[White "Lukas, Wilmar"]
[Black "Zimnol, Guenter"]
[Result "1/2-1/2"]
[WhiteElo "300"]
[BlackElo "1572"]
[PlyCount "54"]
[EventDate "2001.02.??"]
[EventType "swiss"]
[EventRounds "9"]
[EventCountry "GER"]
[SourceTitle "EXT 2006"]
[Source "ChessBase"]
[SourceDate "2005.11.24"]
[SourceVersion "1"]
[SourceVersionDate "2005.11.24"]
[SourceQuality "1"]

1. e4 c5 2. c3 e6 3. d4 d5 4. dxc5 Bxc5 5. exd5 exd5 6. Bb5+ Nc6 7. Qe2+ Qe7 8. Qxe7+ Ngxe7 9. Nf3 0-0 10. 0-0 a6 11. Ba4 b5 12. Bc2 Bf5 13. Bxf5 Nxf5 14. Nbd2 Rfe8 15. Nb3 Bb6 16. Re1 Re4 17. Nbd2 Rxe1+ 18. Nxe1 d4 19. a4 dxc3 20. bxc3 Re8 21. Kf1 b4 22. Nc4 Bc7 23. cxb4 Nxb4 24. Bd2 Nd5 25. a5 h6 26. Rb1 Rb8 27. Rxb8+ Bxb8 1/2-1/2

[Event "Berlin-ch Seniors op 17th"]
[Site "Berlin"]
[Date "2001.02.10"]
[Round "1"]
[White "Zimnol, Guenter"]
[Black "Reichenbach, Werner"]
[Result "0-1"]
[WhiteElo "1572"]
[BlackElo "2308"]
[PlyCount "52"]
[EventDate "2001.02.??"]
[EventType "swiss"]
[EventRounds "9"]
[EventCountry "GER"]
[SourceTitle "EXT 2006"]
[Source "ChessBase"]
[SourceDate "2005.11.24"]
[SourceVersion "1"]
[SourceVersionDate "2005.11.24"]
[SourceQuality "1"]

1. d4 Nf6 2. c4 c5 3. Nc3 cxd4 4. Qxd4 Nc6 5. Qd1 e6 6. a3 d5 7. e3 Bd6 8. Nf3 0-0 9. cxd5 exd5 10. Bd3 Re8 11. 0-0 a6 12. b4 Bc7 13. Bb2 Bg4 14. Be2 Qd6 15. g3 Rad8 16. Nd4 Ne5 17. Bxg4 Nfxg4 18. Rc1 Qh6 19. h4 Qg6 20. Nxd5 Rxd5 21. Rxc7 Nxe3 22. fxe3 Qxg3+ 23. Kh1 Qxh4+ 24. Kg2 Ng4 25. Bc1 Qh2+ 26. Kf3 Qh3+ 0-1

[Event "Kreuzberg 2000"]
[Site "Berlin"]
[Date "2000.07.29"]
[Round "8"]
[White "Zimnol, Guenter"]
[Black "Scheifler, Michael"]
[Result "1-0"]
[WhiteElo "1653"]
[BlackElo "1303"]
[PlyCount "32"]
[EventDate "2000.07.??"]
[EventType "swiss"]
[EventRounds "9"]
[EventCountry "GER"]
[SourceTitle "EXT 2001"]
[Source "ChessBase"]
[SourceDate "2000.11.22"]
[SourceVersion "1"]
[SourceVersionDate "2000.11.22"]
[SourceQuality "1"]

1. d4 Nf6 2. c4 e6 3. Nc3 Bb4 4. Bd2 d5 5. cxd5 exd5 6. e3 0-0 7. Nf3 Re8 8. Be2 c6 9. Rc1 Bxc3 10. Bxc3 Ne4 11. 0-0 Nd7 12. Be1 Ndf6 13. Ne5 Qc7 14. f3 Nd6 15. Bd3 Qe7 16. Bh4 h6 1-0

[Event "Kreuzberg 2000"]
[Site "Berlin"]
[Date "2000.07.23"]
[Round "2"]
[White "Schulz, Nikolaus"]
[Black "Zimnol, Guenter"]
[Result "1-0"]
[WhiteElo "1905"]
[BlackElo "1653"]
[PlyCount "57"]
[EventDate "2000.07.??"]
[EventType "swiss"]
[EventRounds "9"]
[EventCountry "GER"]
[SourceTitle "EXT 2001"]
[Source "ChessBase"]
[SourceDate "2000.11.22"]
[SourceVersion "1"]
[SourceVersionDate "2000.11.22"]
[SourceQuality "1"]

1. d4 d5 2. c4 e6 3. Nc3 Nf6 4. cxd5 exd5 5. Bg5 Be7 6. e3 Bf5 7. Bxf6 Bxf6 8. Qb3 Nd7 9. Qxd5 Be6 10. Qxb7 0-0 11. Bd3 Nc5 12. Qb5 Bxd4 13. exd4 Qxd4 14. Rd1 Nxd3+ 15. Qxd3 Qf6 16. Qf3 Bf5 17. Nge2 Rfe8 18. 0-0 Rad8 19. Nd5 Qxb2 20. Ne7+ Kf8 21. Rxd8 Rxd8 22. Nxf5 Qxa2 23. Qc3 Qxe2 24. Qxg7+ Ke8 25. Qg8+ Kd7 26. Qxf7+ Kc8 27. Ne7+ Kd7 28. Nd5+ Kc6 29. Rc1+ 1-0